[Event "FRA-chT2 West 0607"]
[Site "France"]
[Date "2007.04.01"]
[Round "11.4"]
[White "Menager, Erwan"]
[Black "Pean, Leonard"]
[Result "1/2-1/2"]
[WhiteElo "2142"]
[BlackElo "2017"]
[PlyCount "71"]
[EventDate "2006.10.15"]
[EventType "team"]
[EventRounds "11"]
[EventCountry "FRA"]
[SourceTitle "EXT 2008"]
[Source "ChessBase"]
[SourceDate "2007.11.25"]
[SourceVersion "1"]
[SourceVersionDate "2007.11.25"]
[SourceQuality "1"]
[WhiteTeam "Tours"]
[BlackTeam "Le Mans"]
[WhiteTeamCountry "FRA"]
[BlackTeamCountry "FRA"]

1. e4 c5 2. Nf3 d6 3. d4 cxd4 4. Nxd4 Nf6 5. Nc3 g6 6. Be3 Bg7 7. f3 0-0 8. Qd2 Nc6 9. 0-0-0 d5 10. exd5 Nxd5 11. Nxc6 bxc6 12. Bd4 e5 13. Bc5 Be6 14. Ne4 Rb8 15. Bc4 h6 16. g4 f5 17. gxf5 gxf5 18. Bxf8 Qxf8 19. Nc3 e4 20. Rhg1 Kh7 21. Rxg7+ Qxg7 22. Bxd5 Bxd5 23. Qf4 Rf8 24. Nxd5 cxd5 25. Rxd5 exf3 26. Qxf3 Qg5+ 27. Rd2 Rd8 28. Qf2 Rxd2 29. Qxd2 Qg1+ 30. Qd1 Qxh2 31. Qd7+ Kg6 32. Qe6+ Kg5 33. Qg8+ Kh4 34. Qd8+ Kh3 35. Qd3+ Kg4 36. Qd1+ 1/2-1/2

[Event "FRA-chT2 West 0607"]
[Site "France"]
[Date "2007.03.17"]
[Round "8.4"]
[White "Pean, Leonard"]
[Black "Kirszenberg, Marc"]
[Result "1/2-1/2"]
[WhiteElo "2017"]
[BlackElo "2183"]
[PlyCount "135"]
[EventDate "2006.10.15"]
[EventType "team"]
[EventRounds "11"]
[EventCountry "FRA"]
[SourceTitle "EXT 2008"]
[Source "ChessBase"]
[SourceDate "2007.11.25"]
[SourceVersion "1"]
[SourceVersionDate "2007.11.25"]
[SourceQuality "1"]
[WhiteTeam "Le Mans"]
[BlackTeam "Rueil Malmaison"]
[WhiteTeamCountry "FRA"]
[BlackTeamCountry "FRA"]

1. d4 d5 2. c4 c6 3. Nf3 Nf6 4. Nc3 g6 5. e3 Bg7 6. Be2 0-0 7. h3 b6 8. 0-0 Bb7 9. b3 Ne4 10. Bb2 Nd7 11. Qc2 Ndf6 12. Rfd1 Rc8 13. Nd2 Nxc3 14. Bxc3 Qc7 15. e4 dxe4 16. Nxe4 Nxe4 17. Qxe4 c5 18. Qe3 cxd4 19. Bxd4 e5 20. Bb2 f5 21. Rac1 f4 22. Qd3 Rcd8 23. Qc3 Qe7 24. Rxd8 Rxd8 25. Rd1 Rxd1+ 26. Bxd1 e4 27. Qxg7+ Qxg7 28. Bxg7 Kxg7 29. g3 g5 30. gxf4 gxf4 31. Bg4 Kf6 32. Kf1 Ke5 33. Ke2 Kd4 34. Kd2 a5 35. Bd7 h6 36. Be6 e3+ 37. fxe3+ fxe3+ 38. Ke2 Be4 39. a3 Bd3+ 40. Kf3 e2 41. Kf2 Kc3 42. Ke1 a4 43. bxa4 Bxc4 44. Bxc4 Kxc4 45. Kxe2 Kb3 46. a5 bxa5 47. Kd3 Kxa3 48. Kc3 a4 49. h4 h5 50. Kc2 Ka2 51. Kc3 Ka3 52. Kc2 Kb4 53. Kb2 Kc4 54. Ka3 Kd3 55. Kxa4 Ke3 56. Kb3 Kf3 57. Kc2 Kg3 58. Kd2 Kxh4 59. Ke2 Kg3 60. Kf1 Kh2 61. Kf2 h4 62. Kf1 Kh1 63. Kf2 h3 64. Kf1 Kh2 65. Kf2 Kh1 66. Kf1 Kh2 67. Kf2 Kh1 68. Kf1 1/2-1/2

[Event "FRA-chT2 West 0607"]
[Site "France"]
[Date "2007.02.11"]
[Round "7.4"]
[White "Bleuzen, Erwan"]
[Black "Pean, Leonard"]
[Result "1-0"]
[WhiteElo "2034"]
[BlackElo "2017"]
[PlyCount "61"]
[EventDate "2006.10.15"]
[EventType "team"]
[EventRounds "11"]
[EventCountry "FRA"]
[SourceTitle "EXT 2008"]
[Source "ChessBase"]
[SourceDate "2007.11.25"]
[SourceVersion "1"]
[SourceVersionDate "2007.11.25"]
[SourceQuality "1"]
[WhiteTeam "Rennes Paul Bert"]
[BlackTeam "Le Mans"]
[WhiteTeamCountry "FRA"]
[BlackTeamCountry "FRA"]

1. d4 Nf6 2. c4 g6 3. Nc3 Bg7 4. e4 0-0 5. Nf3 d6 6. Be2 Nc6 7. 0-0 e5 8. d5 Ne7 9. b4 c6 10. Ne1 Ne8 11. Be3 f5 12. f3 f4 13. Bf2 Rf7 14. Qb3 g5 15. Rd1 cxd5 16. cxd5 h5 17. a4 g4 18. a5 Bh6 19. Nb5 b6 20. Nxa7 bxa5 21. Nc6 Nxc6 22. dxc6 Kf8 23. b5 Rg7 24. fxg4 hxg4 25. b6 Ba6 26. Bxa6 Rxa6 27. Qb5 Ra8 28. c7 Nxc7 29. bxc7 Rxc7 30. Bb6 Qb8 31. Rxd6 1-0

[Event "FRA-chT2 West 0607"]
[Site "France"]
[Date "2007.01.21"]
[Round "6.4"]
[White "Pean, Leonard"]
[Black "Marin, Sebastien"]
[Result "0-1"]
[WhiteElo "2017"]
[BlackElo "2171"]
[PlyCount "54"]
[EventDate "2006.10.15"]
[EventType "team"]
[EventRounds "11"]
[EventCountry "FRA"]
[SourceTitle "EXT 2008"]
[Source "ChessBase"]
[SourceDate "2007.11.25"]
[SourceVersion "1"]
[SourceVersionDate "2007.11.25"]
[SourceQuality "1"]
[WhiteTeam "Le Mans"]
[BlackTeam "JEEN"]
[WhiteTeamCountry "FRA"]
[BlackTeamCountry "FRA"]

1. d4 Nf6 2. c4 g6 3. Nc3 Bg7 4. e4 d6 5. f3 0-0 6. Be3 a6 7. Qd2 Nc6 8. 0-0-0 e5 9. d5 Nd4 10. Nge2 c5 11. dxc6 bxc6 12. Nxd4 exd4 13. Bxd4 Be6 14. Na4 Rb8 15. Bc3 d5 16. Ba5 Qe7 17. exd5 cxd5 18. c5 Bd7 19. Re1 Ne4 20. Qxd5 Bxa4 21. Rxe4 Bxb2+ 22. Kd2 Qf6 23. Bd3 Bc6 24. Qc4 Qg5+ 25. Kd1 Qxg2 26. Rhe1 Qxf3+ 27. R4e2 Bb5 0-1

[Event "FRA-chT2 West 0607"]
[Site "France"]
[Date "2006.10.15"]
[Round "1.4"]
[White "Lemasle, Raphael"]
[Black "Pean, Leonard"]
[Result "1-0"]
[WhiteElo "2050"]
[BlackElo "2024"]
[PlyCount "51"]
[EventDate "2006.10.15"]
[EventType "team"]
[EventRounds "11"]
[EventCountry "FRA"]
[SourceTitle "EXT 2008"]
[Source "ChessBase"]
[SourceDate "2007.11.25"]
[SourceVersion "1"]
[SourceVersionDate "2007.11.25"]
[SourceQuality "1"]
[WhiteTeam "Guingamp II"]
[BlackTeam "Le Mans"]
[WhiteTeamCountry "FRA"]
[BlackTeamCountry "FRA"]

1. d4 Nf6 2. c4 g6 3. Nc3 Bg7 4. e4 0-0 5. Be2 d6 6. Bg5 Nbd7 7. Qd2 c5 8. d5 Qa5 9. f4 a6 10. Nf3 b5 11. Bd3 bxc4 12. Bxc4 Nb6 13. Bb3 c4 14. Bc2 e6 15. dxe6 Bxe6 16. 0-0 Qc5+ 17. Kh1 Rfe8 18. e5 dxe5 19. fxe5 Ng4 20. Ne4 Qd5 21. Qf4 Bxe5 22. Nxe5 Qxe5 23. Nf6+ Kg7 24. Nxe8+ Rxe8 25. Qxe5+ Nxe5 26. Bf6+ 1-0

[Event "FRA-chT2 0304"]
[Site "France"]
[Date "2004.03.13"]
[Round "8"]
[White "Le Corre, Patrick"]
[Black "Pean, Leonard"]
[Result "1-0"]
[WhiteElo "2084"]
[BlackElo "2054"]
[PlyCount "50"]
[EventDate "2003.10.??"]
[EventType "team"]
[EventRounds "11"]
[EventCountry "FRA"]
[SourceTitle "EXT 2005"]
[Source "ChessBase"]
[SourceDate "2004.11.15"]
[SourceVersion "1"]
[SourceVersionDate "2004.11.15"]
[SourceQuality "1"]

1. e4 c5 2. f4 d6 3. Nf3 Bg4 4. Be2 Nc6 5. c3 g6 6. 0-0 Bg7 7. d3 e6 8. Be3 Nge7 9. Nbd2 0-0 10. Qe1 b5 11. Qh4 Bxf3 12. Nxf3 b4 13. f5 exf5 14. Bh6 bxc3 15. bxc3 Bxc3 16. Bxf8 Qxf8 17. Rab1 Rb8 18. Rxb8 Nxb8 19. Qf4 Nbc6 20. Qxd6 Qh6 21. Qxc5 Bd4+ 22. Nxd4 Qe3+ 23. Kh1 Nxd4 24. Qxe7 Qxe2 25. Qd8+ Kg7 1-0

[Event "Lvov"]
[Site "Lvov"]
[Date "2003.08.17"]
[Round "10"]
[White "Pean, Leonard"]
[Black "Ustianovich, Nazar"]
[Result "0-1"]
[WhiteElo "2116"]
[BlackElo "2261"]
[PlyCount "86"]
[EventDate "2003.08.09"]
[EventType "tourn"]
[EventRounds "11"]
[EventCountry "UKR"]
[EventCategory "2"]
[SourceTitle "CBM 095 Extra"]
[Source "ChessBase"]
[SourceDate "2003.09.04"]
[SourceVersion "1"]
[SourceVersionDate "2003.09.04"]
[SourceQuality "1"]

1. d4 Nf6 2. c4 g6 3. Nc3 Bg7 4. e4 d6 5. f3 0-0 6. Be3 b6 7. Qd2 c5 8. d5 Na6 9. Bd3 Nc7 10. Nge2 a6 11. 0-0 Rb8 12. Rab1 b5 13. cxb5 axb5 14. b4 c4 15. Bc2 e5 16. a4 Bd7 17. axb5 Nxb5 18. Nxb5 Bxb5 19. Nc3 Bd7 20. Ba4 Bxa4 21. Nxa4 Qd7 22. Qc2 Qb5 23. Rfc1 Nh5 24. Nc3 Qd7 25. Qa4 Qe7 26. Qa6 Nf4 27. g3 Nd3 28. Rd1 Rfc8 29. Rxd3 cxd3 30. Qxd3 Bf6 31. b5 Bg5 32. Bf2 Qc7 33. Rb3 Qa5 34. Kg2 Bd8 35. f4 Bf6 36. b6 exf4 37. Nb5 fxg3 38. hxg3 Rxb6 39. Bxb6 Qxb6 40. Na3 Qc5 41. Nb5 Qc1 42. Qf3 Rc2+ 43. Kh3 Qh6+ 0-1

[Event "Lvov"]
[Site "Lvov"]
[Date "2003.08.14"]
[Round "6"]
[White "Bondarets, Vadim"]
[Black "Pean, Leonard"]
[Result "1-0"]
[WhiteElo "2388"]
[BlackElo "2116"]
[PlyCount "71"]
[EventDate "2003.08.09"]
[EventType "tourn"]
[EventRounds "11"]
[EventCountry "UKR"]
[EventCategory "2"]
[SourceTitle "CBM 095 Extra"]
[Source "ChessBase"]
[SourceDate "2003.09.04"]
[SourceVersion "1"]
[SourceVersionDate "2003.09.04"]
[SourceQuality "1"]

1. c4 Nf6 2. Nc3 g6 3. g3 c6 4. e4 d6 5. d4 e5 6. Bg2 Bg7 7. Nge2 0-0 8. 0-0 Qb6 9. d5 cxd5 10. cxd5 Bd7 11. Be3 Qd8 12. h3 Na6 13. Rb1 b6 14. b4 Nh5 15. Qd3 Nc7 16. g4 Nf4 17. Nxf4 exf4 18. Bxf4 Qf6 19. Bd2 Qd4 20. Qxd4 Bxd4 21. Rfc1 Rac8 22. Bf4 Be5 23. Bxe5 dxe5 24. Bf1 f5 25. g5 Kg7 26. h4 fxe4 27. d6 Ne6 28. Nxe4 Rxc1 29. Rxc1 Rc8 30. Rxc8 Bxc8 31. Bc4 Nf8 32. Nf6 h6 33. Bd5 hxg5 34. hxg5 Ne6 35. Bxe6 Bxe6 36. d7 1-0

[Event "Lvov"]
[Site "Lvov"]
[Date "2003.08.13"]
[Round "5"]
[White "Pean, Leonard"]
[Black "Rouillon, Ludovic"]
[Result "0-1"]
[WhiteElo "2116"]
[BlackElo "2162"]
[PlyCount "62"]
[EventDate "2003.08.09"]
[EventType "tourn"]
[EventRounds "11"]
[EventCountry "UKR"]
[EventCategory "2"]
[SourceTitle "CBM 095 Extra"]
[Source "ChessBase"]
[SourceDate "2003.09.04"]
[SourceVersion "1"]
[SourceVersionDate "2003.09.04"]
[SourceQuality "1"]

1. d4 d6 2. e4 g6 3. Nc3 Bg7 4. h3 Nd7 5. Nf3 c5 6. Bc4 cxd4 7. Nxd4 Ngf6 8. 0-0 0-0 9. Be3 Nc5 10. Qf3 Bd7 11. Rfd1 Rc8 12. Bd3 a6 13. a4 e5 14. Nb3 Nxb3 15. cxb3 Be6 16. b4 Nd7 17. a5 Qe7 18. Bc2 f5 19. exf5 gxf5 20. Qxb7 f4 21. Ba7 f3 22. Qxa6 Bxh3 23. gxh3 Qg5+ 24. Kf1 e4 25. Qxd6 Qg2+ 26. Ke1 Rxc3 27. Qd5+ Kh8 28. Bd4 Rxc2 29. Bxg7+ Qxg7 30. Qd4 Ne5 31. Rac1 Qg1# 0-1

[Event "Lvov"]
[Site "Lvov"]
[Date "2003.08.12"]
[Round "4"]
[White "Blot, Jerome"]
[Black "Pean, Leonard"]
[Result "1-0"]
[WhiteElo "2283"]
[BlackElo "2116"]
[PlyCount "49"]
[EventDate "2003.08.09"]
[EventType "tourn"]
[EventRounds "11"]
[EventCountry "UKR"]
[EventCategory "2"]
[SourceTitle "CBM 095 Extra"]
[Source "ChessBase"]
[SourceDate "2003.09.04"]
[SourceVersion "1"]
[SourceVersionDate "2003.09.04"]
[SourceQuality "1"]

1. d4 Nf6 2. c4 g6 3. Nc3 Bg7 4. e4 0-0 5. Nge2 d6 6. Ng3 e5 7. d5 a5 8. h4 h6 9. f3 Kh7 10. Be3 Ng8 11. h5 Bf6 12. hxg6+ fxg6 13. Qd2 Bh4 14. 0-0-0 Kg7 15. Nge2 Bg5 16. f4 exf4 17. Nxf4 Na6 18. g3 Nc5 19. Bh3 Bxf4 20. gxf4 Qe7 21. Rdg1 Bxh3 22. Rxh3 Rf7 23. Rhg3 Nxe4 24. Rxg6+ Kh8 25. Nxe4 1-0

[Event "Lvov"]
[Site "Lvov"]
[Date "2003.08.09"]
[Round "1"]
[White "Pean, Leonard"]
[Black "Kryvoruchko, Yuriy"]
[Result "0-1"]
[WhiteElo "2116"]
[BlackElo "2415"]
[PlyCount "56"]
[EventDate "2003.08.09"]
[EventType "tourn"]
[EventRounds "11"]
[EventCountry "UKR"]
[EventCategory "2"]
[SourceTitle "CBM 095 Extra"]
[Source "ChessBase"]
[SourceDate "2003.09.04"]
[SourceVersion "1"]
[SourceVersionDate "2003.09.04"]
[SourceQuality "1"]

1. d4 c5 2. d5 Nf6 3. c4 b5 4. cxb5 a6 5. bxa6 Bxa6 6. Nc3 g6 7. g3 d6 8. Bg2 Bg7 9. Nh3 0-0 10. 0-0 Nbd7 11. Qc2 Qa5 12. Bd2 Rfb8 13. Rfe1 Ne8 14. Nd1 Qb6 15. Bc3 Nc7 16. Bxg7 Kxg7 17. Nf4 Qb4 18. Qc3+ Qxc3 19. Nxc3 Rxb2 20. Be4 Nf6 21. f3 Bc4 22. h4 Bxa2 23. Rxa2 Rbxa2 24. Nxa2 Rxa2 25. Kf2 Nb5 26. Rc1 Nxe4+ 27. fxe4 h6 28. Kf3 Nd4+ 0-1

[Event "FRA-chT2W 0203"]
[Site "France"]
[Date "2003.04.06"]
[Round "11"]
[White "Bartha, Sandor"]
[Black "Pean, Leonard"]
[Result "1-0"]
[WhiteElo "2210"]
[BlackElo "2150"]
[PlyCount "81"]
[EventDate "2002.10.??"]
[EventType "team"]
[EventRounds "11"]
[EventCountry "FRA"]
[SourceTitle "EXT 2004"]
[Source "ChessBase"]
[SourceDate "2003.11.25"]
[SourceVersion "1"]
[SourceVersionDate "2003.11.25"]
[SourceQuality "1"]
[WhiteTeam "Bagneux"]
[BlackTeam "Le Mans"]
[WhiteTeamCountry "FRA"]
[BlackTeamCountry "FRA"]

1. d4 Nf6 2. Nf3 g6 3. b3 Bg7 4. Bb2 0-0 5. e3 d6 6. Be2 e5 7. dxe5 Nfd7 8. Qc1 dxe5 9. 0-0 Nc6 10. Nc3 a6 11. Rd1 b6 12. Nd5 Bb7 13. c4 Rc8 14. e4 Ncb8 15. Ba3 Re8 16. Qc2 c6 17. Nc3 c5 18. Qd3 Qe7 19. Nd5 Bxd5 20. cxd5 f5 21. d6 Qf8 22. Qd5+ Kh8 23. Ng5 Nf6 24. Qb7 Nbd7 25. Bc4 h6 26. Ne6 Rb8 27. Nxf8 Rxb7 28. Nxg6+ Kh7 29. exf5 e4 30. Bf7 Rd8 31. Bb2 Nb8 32. Be6 Nc6 33. Rac1 Nb4 34. Nf4 Nxa2 35. Rc4 Nb4 36. Bxf6 Bxf6 37. Rxe4 Bd4 38. d7 Rbxd7 39. Bxd7 Rxd7 40. Kf1 b5 41. Ne6 1-0

[Event "FRA-chT2W 0203"]
[Site "France"]
[Date "2003.02.02"]
[Round "7"]
[White "Demanghon, Jonathan"]
[Black "Pean, Leonard"]
[Result "1-0"]
[WhiteElo "2143"]
[BlackElo "2150"]
[PlyCount "71"]
[EventDate "2002.10.??"]
[EventType "team"]
[EventRounds "11"]
[EventCountry "FRA"]
[SourceTitle "EXT 2004"]
[Source "ChessBase"]
[SourceDate "2003.11.25"]
[SourceVersion "1"]
[SourceVersionDate "2003.11.25"]
[SourceQuality "1"]
[WhiteTeam "Rennes"]
[BlackTeam "Le Mans"]
[WhiteTeamCountry "FRA"]
[BlackTeamCountry "FRA"]

1. e4 d5 2. exd5 Nf6 3. c4 e6 4. dxe6 Bxe6 5. Nf3 Qe7 6. Qe2 Nc6 7. d4 Bf5 8. a3 0-0-0 9. Qxe7 Bxe7 10. Be3 Rhe8 11. Nbd2 Bf8 12. d5 Ne5 13. Nxe5 Rxe5 14. Be2 Ng4 15. Bxg4 Bxg4 16. 0-0 b6 17. h3 Bh5 18. g4 Bg6 19. Nf3 Re4 20. Rac1 Kb7 21. Nh4 a5 22. Nxg6 hxg6 23. Rfe1 Rde8 24. Kf1 Be7 25. f3 Re5 26. Bd4 Bg5 27. Rxe5 Rxe5 28. Bxe5 Bxc1 29. Bxg7 a4 30. h4 b5 31. h5 gxh5 32. gxh5 bxc4 33. h6 c3 34. bxc3 Bxa3 35. c4 Bf8 36. Bxf8 1-0